[Event "Frankfurt-ch"]
[Site "Frankfurt"]
[Date "2008.05.26"]
[Round "4"]
[White "Castillo, Melchor"]
[Black "Schirmer, Karl Heinz"]
[Result "0-1"]
[WhiteElo "1439"]
[BlackElo "1716"]
[PlyCount "72"]
[EventDate "2008.04.28"]
[EventType "swiss"]
[EventRounds "7"]
[EventCountry "GER"]
[SourceTitle "EXT 2009"]
[Source "ChessBase"]
[SourceDate "2008.11.26"]
[SourceVersion "1"]
[SourceVersionDate "2008.11.26"]
[SourceQuality "1"]

1. e4 e6 2. d4 d5 3. exd5 exd5 4. Nf3 Nf6 5. Nc3 Bb4 6. Bd2 0-0 7. Be2 c6 8. a3 Bd6 9. 0-0 Qc7 10. Bg5 Nbd7 11. Bd3 Bf4 12. g3 Bxg5 13. Nxg5 Nb6 14. f4 Nc4 15. Qc1 Qb6 16. Nf3 Bg4 17. Na4 Qc7 18. b3 Nd6 19. Ne5 Bf5 20. Bxf5 Nxf5 21. c3 Ne4 22. Rf3 f6 23. Nd3 b6 24. Nab2 Qf7 25. Nd1 Qh5 26. Kg2 Qg4 27. N1f2 Nh4+ 28. Kf1 Qxf3 29. gxh4 Nxf2 30. Nxf2 Rae8 31. Qd2 Re3 32. Kg1 Re2 33. Qxe2 Qxe2 34. h3 Re8 35. a4 Re3 36. Kg2 Rf3 0-1

[Event "Rhein Main op 07th"]
[Site "Bad Homburg"]
[Date "2004.06.11"]
[Round "4.51"]
[White "Trautwein, Stefan"]
[Black "Castillo, Melchor"]
[Result "1-0"]
[WhiteElo "1676"]
[BlackElo "1355"]
[PlyCount "115"]
[EventDate "2004.06.09"]
[EventType "swiss"]
[EventRounds "7"]
[EventCountry "GER"]
[SourceTitle "CBM 100 Extra"]
[Source "ChessBase"]
[SourceDate "2004.07.06"]
[SourceVersion "2"]
[SourceVersionDate "2004.07.06"]
[SourceQuality "1"]

1. e4 e5 2. Nf3 d6 3. Nc3 Nc6 4. d4 Bg4 5. dxe5 Nxe5 6. Be2 Bxf3 7. Bxf3 Nf6 8. 0-0 Be7 9. Be2 c6 10. f4 Qb6+ 11. Kh1 Ng6 12. Bd3 0-0-0 13. Qe1 h5 14. Be3 c5 15. Na4 Qc7 16. b4 Ng4 17. Bg1 Qd7 18. Nc3 Kb8 19. Bb5 Qc7 20. Nd5 Qc8 21. f5 Bh4 22. g3 Bxg3 23. Qxg3 N6e5 24. bxc5 dxc5 25. Rab1 Ka8 26. Qa3 Rxd5 27. exd5 Qc7 28. Qxc5 Qxc5 29. Bxc5 Rc8 30. Bd4 f6 31. Bxe5 Nxe5 32. d6 Rd8 33. Rbd1 a6 34. Ba4 Ka7 35. Rg1 Ng4 36. Rd2 Kb6 37. h3 Ne3 38. Rxg7 Nxf5 39. Rg6 Kc5 40. Rxf6 Ng3+ 41. Kg2 h4 42. Re6 b5 43. Bb3 a5 44. a4 bxa4 45. Bxa4 Rg8 46. Re5+ Kb6 47. Bb3 Rd8 48. d7 Kc6 49. Re8 Kc7 50. Rxd8 Kxd8 51. Ba4 Nf5 52. Re2 Nd6 53. Re8+ Nxe8 54. dxe8Q+ Kc7 55. Qc6+ Kb8 56. Qd7 Ka8 57. Bc6+ Kb8 58. Qb7# 1-0